000
00294nam a2200109Ia 4500
008
220204s9999 xx 000 0 und d
082
_a
037
_b
HUT
100
_a
Hutchins, R M
245
0
_a
Great conversation:Substance of liberal education
260
_a
Chicago
_b
William Benton
_c
1952
942
_c
BK
999
_c
36128
_d
36128